|
|
|
|
| LEADER |
00986nam a2200241 a 4500 |
| 001 |
00026021 |
| 008 |
121011s2011 enka b 001 0 eng |
| 999 |
|
|
|c 12917
|d 12917
|
| 020 |
|
|
|a 9781856697552
|
| 040 |
|
|
|a BD-DhAAL
|c BD-DhAAL.
|
| 082 |
0 |
0 |
|a 720.1
|2 22
|
| 100 |
1 |
|
|a Davies, Colin
|9 32269
|
| 245 |
1 |
0 |
|a Thinking about Architecture :
|b an introduction to Architectural theory /
|c Colin Davies
|
| 260 |
|
|
|a London :
|b Laurence King Publishing,
|c c2011
|
| 300 |
|
|
|a 160 p. :
|b col. ill. ;
|c 23 cm.
|
| 504 |
|
|
|a Includes bibliographical references (p. 158-160) and index.
|
| 526 |
|
|
|a ARC
|
| 541 |
|
|
|e 00026021
|
| 650 |
|
0 |
|a Architecture
|x Philosophy.
|9 32270
|
| 650 |
|
0 |
|a Architecture
|x Psychological aspects.
|9 32271
|
| 852 |
4 |
|
|a Ayesha Abed Library
|j General shelf.
|
| 942 |
|
|
|2 ddc
|c BK
|
| 952 |
|
|
|0 0
|1 0
|4 0
|6 720_100000000000000_DAV
|7 0
|9 21318
|a BRACUL
|b BRACUL
|c GEN
|d 2012-10-11
|e Trim Education
|g 2550.00
|l 7
|m 26
|o 720.1 DAV
|p 3010026021
|q 2026-09-09
|r 2025-09-11
|s 2025-09-11
|t 1
|w 0000-00-00
|y BK
|x Available
|